Brazil 2002 FIFA World Cup Winning Squad - Sudden Death - Statistics

General Stats
  • This quiz has been taken 942 times
  • The average score is 6 of 23
Answers on the Grid
Answers color-coded by a green-red scale on the quiz's grid according to % correct below.
Adriano
Ânderson Polga
Andoni Zubizarreta
Bebeto
Bixente Lizarazu
Cafu
César Sampaio
Cláudio Taffarel
Cristiano Ronaldo
David Trezeguet
Denílson
Dida
Dunga
Edílson
Edmílson
Emerson
Fernando Morientes
Fred
Gilberto Silva
Heurelho Gomes
Jorginho
José Molina
Juan
Juliano Belletti
Júlio César
Juninho Paulista
Júnior
Kaká
Kléberson
Lúcio
Luís Fabiano
Luís Figo
Luizão
Maicon
Marcos
Oliver Kahn
Paulo Ferreira
Pedro Barbosa
Ricardinho
Rivaldo
Roberto Carlos
Robinho
Rogério Ceni
Romário
Ronaldinho
Ronaldo
Roque Júnior
Rui Costa
Santiago Cañizares
Vampeta
Vítor Baía
Wayne Rooney
Youri Djorkaeff
Zé Roberto
 
Answer Stats
Answer % Correct
Cafu
85%
Dida
54%
Ronaldinho
38%
Ronaldo
38%
Kaká
36%
Rivaldo
36%
Roberto Carlos
33%
Lúcio
30%
Gilberto Silva
29%
Denílson
25%
Edmílson
25%
Ânderson Polga
23%
Edílson
17%
Kléberson
16%
Juninho Paulista
13%
Marcos
12%
Rogério Ceni
12%
Roque Júnior
12%
Vampeta
11%
Júnior
10%
Juliano Belletti
9%
Luizão
9%
Ricardinho
9%
No matching quizzes found
Score Distribution
Percent of People with Each Score
Percentile by Number Answered
Your Score History
You have not taken this quiz